| 000 | 00436nam a2200157 i 4500 | ||
|---|---|---|---|
| 001 | 146243 | ||
| 003 | ES-MaACL | ||
| 005 | 20230906201450.0 | ||
| 007 | t| | ||
| 008 | 070905n1900 sp ||||1| spa d | ||
| 245 | 0 | 3 | _aEl tratado de paz entre España y los Estados Unidos. |
| 260 |
_a[s.l. : _bs.n., _c1900?] |
||
| 300 |
_a76 p. ; _c24 cm. |
||
| 500 | _aTexto trilingue : español, francés e inglés. | ||
| 852 |
_aES-MaACL _jG-14793 |
||
| 999 |
_c146243 _d146243 |
||